| 000 | 00569nam a22001697a 4500 | ||
|---|---|---|---|
| 008 | 230622b |||||||| |||| 00| 0 eng d | ||
| 020 | _a3-540-11522-6 | ||
| 040 |
_aNational Science Library _cNational Science Library |
||
| 080 |
_a628.11:517(082.2) _bM2 |
||
| 245 |
_aFinite elements in water resources _c/ Proceedings of the 4th international conference, Hannover, Germany, June 1982 |
||
| 260 |
_aNew York: _bSpringer-Verlag, _c1982 |
||
| 300 | _a19-46p. | ||
| 650 | _aProceedings | ||
| 700 | _aHolz, K P (Ed.) | ||
| 700 | _aMeissner, U (Ed.) | ||
| 942 |
_2udc _cPR |
||
| 999 |
_c46319 _d46319 |
||